Heartbeats of half a century / (Record no. 34041)

MARC details
000 -LEADER
fixed length control field 00905nam a22002777a 4500
008 - FIXED-LENGTH DATA ELEMENTS--GENERAL INFORMATION
fixed length control field 251212b |||||||| |||| 00| 0 eng d
017 ## - LEGAL DEPOSIT NUMBER
Legal deposit number LD.8122
018 ## - LEGAL DEPOSIT YEAR
LDD Year 2025
020 ## - INTERNATIONAL STANDARD BOOK NUMBER
ISBN 9789786935119
040 ## - CATALOGING SOURCE
Original cataloging agency NLN
Language of cataloging English
Description conventions AACR2
100 ## - MAIN ENTRY--AUTHOR
Author AJAH, Moses N.
Relator term aut
245 ## - TITLE STATEMENT
Title Heartbeats of half a century /
Statement of responsibility, etc Moses N. Ajah and Veronica Uchechi Ajah
260 ## - PUBLICATION, DISTRIBUTION, ETC. (IMPRINT)
Place of publication [S.l.] :
Name of publisher Slim Fingers,
Date of publication 2025
300 ## - COLLATION
Pagination ix, 147p. :
Other physical details Col. ill. col. ports. ; 20cm.
500 ## - GENERAL NOTE
General note Bibliography : p. 143
563 ## - BINDING INFORMATION
Binding note (pbk.)
650 ## - TRACINGS
Main Subject Ajah, Maryrose Ogechukwu, 1975-
650 ## - TRACINGS
Main Subject Lawyers
Subdivision (1st) Nigeria
Subdivision (2nd) Biography
650 ## - TRACINGS
Main Subject Anyaegbu, Mathew Chinonye, 1935-2018
650 ## - TRACINGS
Main Subject Anyaegbu, Ezinne Angela Akuchukwu, 1950-
700 ## - ADDITIONAL AUTHOR
Additional Author <a href="Ajah, Veronica U.">Ajah, Veronica U.</a>
Relator term ctb
942 ## - ADDED ENTRY ELEMENTS (KOHA)
Item type Books
Suppress in OPAC No
050 ## - LIBRARY OF CONGRESS CALL NUMBER
Classification number DT515.83.A312
Item number A312
082 ## - DEWEY DECIMAL CLASSIFICATION NUMBER
Classification number 923.4669
Holdings
Source of classification or shelving scheme Not for loan Home library Current library Date acquired Mode of acquisition Accession No. Full call number Barcode. Copy number Koha item type
Library of Congress Classification   ABUJA LIBRARY BRANCH National Library of Nigeria 12/12/2025 Legal deposit 466460 DT515.83.A312 A31 466460 1 Books
Library of Congress Classification   LAGOS BRANCH National Library of Nigeria 12/12/2025 Legal deposit 466462 DT515.83.A312 A31 466462 1 Books
Library of Congress Classification   OWERRI BRANCH National Library of Nigeria 12/12/2025 Legal deposit 466461 DT515.83.A312 A31 466461 1 Books

National Library of Nigeria OPAC is powered by Koha